000 01520cam a22001934a 4500
005 20250605164236.0
008 250528s ||||||||||||||||||||||||d
035 _a21134
020 _a9789608796058
040 _aGR-AtMCL
_bgre
_dGR-AtMCL
_eAACR2
245 1 _aStories of Business Success / Greek Businessmen and Managers: Special English Edition
260 _bNational Bank Of Greece,
_c2000
300 _a338
520 _aGiorgos Apostolopoulos, Vyron Ballis, Aristidis Belles, Sam Benroubi, Vasilis Bitharas, Constantinos Boutaris, Yiannis Boutaris, Lena Capsis, Dimitris Daskalopoulos, Nikos Ebeoglou, Melina Emfietzoglou, Lorentzos Freris, Vlassis Georgatos, Giorgos Gerardos, Panos Germanos, Pavlos Giannakopoulos, Giorgos Gonos, Theodoros Haragionis, Michalis Hatzipavlou, Alexandra Hazapi-Pitta, Fotini Karageorgi, Fanny Katsou, Kostas Kavathas, Giorgos Kotaslos, Xenia Kourtoglou, Niki Koutsiana, Dimitris Koutsolioutsos, Aikaterini Kyriakopoulou, Lavrentis Lavrentiadis, Constantinos Mahairas, Michalis Maillis, Daisy Maniatopoulou, Erietta Mavroudi, Stavros Mihalarias, Giorgos Milonas, Michalis Pagidas, Alexandra Palli, Pericles Panagopoulos, Katerina Panagopoulou, Theodoros Pantalakis, Thanasis Papanikolaou, Pavlos Psomiadis, Fedon Tamvakalis, Minas Tanes, Stefanos Theodoridis, Spyros Theodoropoulos, Katerina Tsemberlidou, Apostolos Vakakis, Theodoros Vasilakis, Nikos Vichos, Liana Vouraki, Aris Vovos.
700 1 _aKoufalis Spyros
_97165
942 _cBK
999 _c6202
_d6202